000 01201nam0a22003011 4500
001 rc\3639901
005 20130115145403.3
035 _a(NLR Aleph) 007728153
090 _a7025842
_c7025842
100 _a20130115d1972 |||y0rusy50 ca
101 0 _arus
102 _aRU
105 _aa z |||||
200 1 _aМетоды моделирования систем научно-технической информации
_e(Обзор)
_fВсесоюз. науч.-исслед. ин-т межотраслевой информации. ВИМИ
210 _aМосква
_cБ. и.
_d1972
215 _a100 с.
_cил.
_d22
300 _aНа обороте тит. л. сост.: А.Г. Васильев, В.И. Калинина, Б.Г. Клейман, Б.А. Львов
320 _aБиблиогр.: с. 88-100
333 _aДля служебного пользования. Экз. № 000005
702 1 _aКлейман
_bБ. Г.
_4220
702 1 _aЛьвов
_bБ. А.
_4220
702 1 _aКалинина
_bВ. И.
_4220
702 1 _aВасильев
_bА. Г.
_4220
801 0 _aRU
_bNLR
_gpsbo
801 1 _aRU
_bELAR
_2rusmarc
852 _aNLR
_j72-50к/4383
942 _cBOOK
980 _aNB